Prísne v spoločnom agrárnom trhu
Charakteristika ekonomického prostredia výroby a spracovania mlieka z pohľadu integrácie Slovenska do Európskej únie. Nevyhnutnosť zmeny spoločnej agrárnej politiky EÚ. Opatrenia pre režim na mlieko a mliečne výrobky, ktoré platia v súčasnosti v rámci spoločného trhu EÚ.
Salvato in:
| Autore principale: | |
|---|---|
| Natura: | Capitolo di libro |
| Lingua: | slovacco |
| Soggetti: | |
| Tags: |
Nessun Tag, puoi essere il primo ad aggiungerne!!
|
MARC
| LEADER | 00000naa a2200000 4500 | ||
|---|---|---|---|
| 001 | r027185 | ||
| 005 | 20230824090211.8 | ||
| 041 | 0 | |a slo | |
| 044 | |a SK | ||
| 245 | 1 | 0 | |a Prísne v spoločnom agrárnom trhu |c Viera Ižáková |
| 520 | |a Charakteristika ekonomického prostredia výroby a spracovania mlieka z pohľadu integrácie Slovenska do Európskej únie. Nevyhnutnosť zmeny spoločnej agrárnej politiky EÚ. Opatrenia pre režim na mlieko a mliečne výrobky, ktoré platia v súčasnosti v rámci spoločného trhu EÚ. | ||
| 610 | 2 | 0 | |a Slovensko |
| 610 | 2 | 0 | |a Európska únia |
| 610 | 2 | 0 | |a mlieko |
| 610 | 2 | 0 | |a politika poľnohospodárska |
| 610 | 2 | 0 | |a integrácia ekonomická medzinárodná |
| 100 | 1 | |a Ižáková, Viera | |